| 000 | 00410nam a22001217a 4500 | ||
|---|---|---|---|
| 999 |
_c9445 _d9445 |
||
| 003 | OSt | ||
| 008 | 201207b ||||| |||| 00| 0 eng d | ||
| 245 | _aJournal of The Indian Institute of Science | ||
| 250 | _a2016(Jan-Mar Vol.96 No.1, Apr- Jun Vol.96 No.2, Jul-Sep Vol.96 No.3, Oct-Dec Vol.96 No.4) | ||
| 260 |
_aBengaluru _bIIScPress - Indian Institute of Science |
||
| 650 | _aApplied Science | ||
| 942 |
_2ddc _cBV |
||